| 000 | 00701nam a22001937a 4500 | ||
|---|---|---|---|
| 005 | 20250103151051.0 | ||
| 010 | _aENG-143175 | ||
| 020 |
_a9789384603342 _c1495.00 |
||
| 035 | _aEN-126707 | ||
| 037 | _bDBAD | ||
| 082 | _a796.44082 | ||
| 100 |
_aDebnath, Kalpana _975824 |
||
| 245 |
_aAdvanced Study of Women Gymnastics/ _cBy Kalpana Debnath [and] Gurdial Singh Bawa |
||
| 260 |
_aNew Delhi _bSports Educational Technologies _c2019 |
||
| 270 |
_a102,4787 /23, Ansari Road _bNew Delhi _e110002 _k011-27601805, 9312220441 _msportseducationaltechnologies@gmail.com |
||
| 300 |
_a283p. _c24cm(hbk) |
||
| 700 |
_aBawa, Gurdial Singh _eAuthor _975825 |
||
| 942 |
_2ddc _cEN _mDEB _h796.44082 |
||
| 999 |
_c208023 _d208023 |
||